| 000 | 00374 a2200157 4500 | ||
|---|---|---|---|
| 001 | 180582 | ||
| 020 | _a | ||
| 040 | _cMagnum | ||
| 100 | _aTomassini, Maria Beatriz Altenfelder | ||
| 240 | 1 | 0 |
_aOnde tem fumaca, tem fogo ! _lpor |
| 245 | 1 | 0 | _aOnde tem fumaca, tem fogo ! |
| 362 | 0 | _a1899 | |
| 440 | 1 | _aAo Livro Técnico | |
| 697 | _aMAGNITO: IJ/ECOLOGIA | ||
| 942 | _cBK | ||
| 999 |
_c180582 _d180582 |
||